000 01580cas a22004337a 4500
005 20220329142118.0
008 990626d1954 mx mr pernn 0 uub1spa d
010 _a78601
011 _a79573
022 _a0186-6826
035 _a89837
245 0 0 _aBoletín Informativo :
_bCámara Agrícola y Ganadera de Torreón
_c/por Cámara Agrícola y Ganadera de Torreón
260 0 _aTorreón, Coahuila :
_bCámara Agrícola y Ganadera de Torreón,
_c1954-
300 _av.
310 _aMensual
362 1 _av.29 n.350,1983
500 _aSe dejó de recibir a partir del v.29 n.350, 1983.
590 _aBATCH-UPD
_b10
_c20130110
_lUCH01
_h0517
590 _aBATCH-UPD
_b10
_c20130410
_lUCH01
_h0156
590 _aBATCH-UPD
_b10
_c20130913
_lUCH01
_h2028
590 _aCONVERSION
_b10
_c20130109
_lUCH01
_h1344
650 1 4 _aAgricultura
_xCoahuila
_xPublicaciones periódicas.
_91366
650 1 4 _aGanadería
_xCoahuila
_xPublicaciones periódicas.
_944673
866 _av.23 n.277-280 (1977)
866 _av.23 n.282-284 (1977)
866 _av.23 n.286,288 (1977)
866 _av.24 n.289,291-299 (1978)
866 _av.25 n.301-308 (1979)
866 _av.25 n.310-311 (1979)
866 _av.26 n.313-314 (1980)
866 _av.26 n.316-322 (1980)
866 _av.27 n.326-336 (1981)
866 _av.28 n.337-339 (1982)
866 _av.28 n.341-342 (1982)
866 _av.28 n.344-348 (1982)
866 _av.29 n.349-350 (1983)
901 _aSE
905 _aMa, del Socorro Iturbe C.
999 _c78601
_d78601